=LDR 00000nam 2200000 4500 =001 INLIS000000000011392 =005 20130612102947 =008 ***********************************Ind** =035 ##$$0010-061300000011392 =041 ##$$a Ind =082 ##$$a 959.811 =090 ##$$a 959.811, Lom k =100 ##$$a Lombard,Denys =245 ##$$a Kerajaan Aceh jaman Sultan Iskandar Muda(1609-1636), Denys Lombard =260 ##$$a 1991 $b jakarta =300 ##$$a XIV, 404 hlm., 21 cm =650 ##$$a Sejarah Indonesia-Aceh =850 ##$$a NBPNMAT